[Event "Stockholm Chess Challenge"]
[Site "Stockholm SWE"]
[Date "2017.03.07"]
[Round "2.5"]
[White "Hansen,Mads3"]
[Black "Pantzar,Milton"]
[Result "1-0"]
[WhiteElo "2446"]
[BlackElo "2257"]

1.e4 e5 2.Nf3 Nc6 3.Bb5 a6 4.Ba4 Nf6 5.O-O Be7 6.Re1 b5 7.Bb3 d6 8.c3 O-O 9.h3
Na5 10.Bc2 c5 11.d4 Qc7 12.Nbd2 Nc6 13.d5 Nd8 14.a4 Rb8 15.axb5 axb5 16.b4 Bd7
17.Nf1 Ne8 18.Be3 f6 19.Qe2 Nf7 20.Bd3 c4 21.Bc2 g6 22.Ra7 Rb7 23.Rea1 Bc8
24.N3d2 Ng7 25.Qe1 f5 26.f3 Bg5 27.Nb1 Bxe3+ 28.Qxe3 Nh5 29.Rxb7 Qxb7 30.Qa7
Nf4 31.Ng3 fxe4 32.fxe4 Qxa7+ 33.Rxa7 Ng5 34.h4 Ngh3+ 35.gxh3 Nxh3+ 36.Kh1 Bg4
37.Nd2 Rf2 38.Ngf1 Be2 39.Ng3 Bg4 40.Ngf1 Be2 41.Ra2 Kg7 42.Ne3 Kh6 43.Bd1
Bxd1 44.Nxd1 Re2 45.Rb2 Re1+ 46.Kh2 Nf4 47.Nf2 Kh5 48.Nxc4 bxc4 49.b5 Nd3
50.b6 Nxb2 51.b7 Nd3 52.b8=Q Nxf2 53.Qxd6 Ng4+ 54.Kg2 Re2+ 55.Kf1 Rxe4 56.Qe7
h6 57.d6 Ne3+ 58.Kg1 Nf5 59.Qe6 Nxd6 60.Qxd6 Kxh4 61.Kf2 Kh5 62.Kf3 Rf4+
63.Ke3 g5 64.Qxe5 Kg6 65.Kd2 Rh4 66.Kc2 Rf4 67.Kb2 Rh4 68.Ka3 Rf4 69.Kb4 Kh7
70.Kc5 Kg6 71.Kd6 Kh7 72.Qe7+ Kg6 73.Kd5 Rh4 74.Qf8 Rf4 75.Qg8+ Kh5 76.Qg7
Rf5+ 77.Kxc4 {#r} 1-0

[Event "Stockholm Chess Challenge"]
[Site "Stockholm SWE"]
[Date "2017.03.07"]
[Round "2.6"]
[White "Tukhaev,A"]
[Black "Pogosyan,Stefan"]
[Result "1-0"]
[WhiteElo "2541"]
[BlackElo "2215"]

1.e4 e5 2.Nf3 Nc6 3.Bb5 a6 4.Ba4 Nf6 5.d3 b5 6.Bb3 Be7 7.O-O O-O 8.Re1 d6 9.c3
Nb8 10.Nbd2 h6 11.Nf1 Re8 12.Ng3 Bf8 13.d4 Nbd7 14.Nh4 Bb7 15.Nhf5 c5 16.dxe5
Nxe5 17.Bf4 Ng6 18.Nxd6 Nxf4 19.Bxf7+ Kh7 20.Nxb7 Qxd1 21.Raxd1 Re7 22.Nd6 Rd7
23.e5 Bxd6 24.exf6 Rxf7 25.Rxd6 Rxf6 26.Rd7 c4 27.Ree7 Rg6 28.Rf7 Nd3 29.Nh5
Re8 30.g3 Kh8 31.Kg2 Ree6 32.f4 Rd6 33.f5 Rxd7 34.fxg6 Rd8 35.Rxg7 Rd6 36.Rf7
a5 {#r} 1-0

[Event "Stockholm Chess Challenge"]
[Site "Stockholm SWE"]
[Date "2017.03.07"]
[Round "2.9"]
[White "Hemant,S2"]
[Black "Thorn,E"]
[Result "1-0"]
[WhiteElo "2399"]
[BlackElo "2284"]

1.c4 Nf6 2.g3 g6 3.Bg2 Bg7 4.Nc3 O-O 5.Nf3 d6 6.d3 e5 7.Rb1 Re8 8.Bg5 h6
9.Bxf6 Bxf6 10.Nd2 Bg7 11.O-O Nd7 12.b4 a6 13.Qc2 Nf8 14.e3 c6 15.b5 axb5
16.cxb5 d5 17.bxc6 bxc6 18.Na4 Ba6 19.Nc5 Ne6 20.Ndb3 Bf8 21.Rfd1 Bb5 22.a4
Bxa4 23.Nxa4 Rxa4 24.Qxc6 Rb4 25.Qxd5 Qb6 26.Nd2 Rd8 27.Rxb4 Qxb4 28.Qc4 Qxc4
29.Nxc4 Bg7 30.Bf1 f5 31.Be2 Rd7 32.f4 exf4 33.gxf4 g5 34.Ne5 Rd6 35.Nc4 Rd7
36.fxg5 hxg5 37.Rf1 f4 38.Bg4 Re7 39.Bxe6+ Rxe6 40.exf4 Bd4+ 41.Kg2 gxf4
42.Rxf4 Ba7 43.Kf3 Bb8 44.Rg4+ Kh7 45.h3 Rh6 46.Kg2 Ra6 47.d4 Ra2+ 48.Kf3 Rc2
49.Ne3 Rd2 50.Ke4 Ba7 51.Nf5 Bb6 52.Kd5 Rh2 53.Rg3 Ba5 54.Ke6 Rf2 55.d5 Re2+
56.Kd7 Re5 57.Ne7 Be1 58.Rf3 Bb4 59.d6 Re1 60.Nd5 Bc5 61.Kc6 Rc1 62.Rc3 Rxc3
63.Nxc3 Bf2 64.d7 Bh4 65.Kc7 {#r} 1-0

[Event "Stockholm Chess Challenge"]
[Site "Stockholm SWE"]
[Date "2017.03.07"]
[Round "2.10"]
[White "Mihajlov,Seb"]
[Black "Baasansuren,Erdene"]
[Result "1-0"]
[WhiteElo "2346"]
[BlackElo "2221"]

1.d4 Nf6 2.c4 g6 3.Nc3 Bg7 4.e4 d6 5.Nf3 O-O 6.Be2 e5 7.O-O Nc6 8.d5 Ne7 9.Ne1
Nd7 10.Be3 f5 11.f3 f4 12.Bf2 g5 13.Rc1 Rf6 14.Nd3 Rh6 15.c5 Qe8 16.Nb5 Qh5
17.h4 gxh4 18.Kh2 Rg6 19.Rg1 Nxc5 20.Nxc5 dxc5 21.Nxc7 Rg3 22.d6 Nf5 23.d7 h3
24.d8=Q+ Bf8 25.Q1d5+ {#r} 1-0

[Event "Stockholm Chess Challenge"]
[Site "Stockholm SWE"]
[Date "2017.03.07"]
[Round "2.11"]
[White "Kenneskog,Theodor"]
[Black "Sahil,Tic"]
[Result "1-0"]
[WhiteElo "2323"]
[BlackElo "2180"]

1.e4 c5 2.Nf3 d6 3.d4 cxd4 4.Nxd4 Nf6 5.Nc3 a6 6.Bg5 e6 7.f4 Be7 8.Qf3 Qc7
9.O-O-O Nbd7 10.g4 h6 11.Bxf6 Bxf6 12.h4 Nb6 13.g5 Bxd4 14.Rxd4 Bd7 15.Qd1 Bc6
16.Rxd6 Ke7 17.Rd4 hxg5 18.fxg5 Qf4+ 19.Kb1 Rxh4 20.Rxh4 Qxh4 21.g6 fxg6
22.Nd5+ Bxd5 23.exd5 Qf2 24.dxe6 Rf8 25.Be2 Qe3 26.Bg4 Rf4 27.Rd3 Qe5 28.Rd7+
Kf6 29.Rxb7 Qd5 30.Rf7+ Ke5 31.Qe2+ Re4 32.Qh2+ Kd4 33.Qf2+ Ke5 34.Qg3+ {#r}
1-0

[Event "Stockholm Chess Challenge"]
[Site "Stockholm SWE"]
[Date "2017.03.07"]
[Round "2.12"]
[White "Sorensen,Hampus"]
[Black "Rakesh,Kumar Jena"]
[Result "0-1"]
[WhiteElo "2192"]
[BlackElo "2315"]

1.d4 d5 2.c4 Nc6 3.Nc3 dxc4 4.Nf3 e6 5.e4 Nf6 6.a3 Na5 7.Bxc4 Nxc4 8.Qa4+ c6
9.Qxc4 Be7 10.O-O O-O 11.Bg5 h6 12.Bh4 a5 13.Rfd1 b5 14.Qb3 Bb7 15.e5 Nd5
16.Bxe7 Qxe7 17.Nxd5 exd5 18.Rac1 b4 19.a4 Ba6 20.Qe3 Qe6 21.Nd2 Bc4 22.Nxc4
dxc4 23.Qe2 c3 24.bxc3 b3 25.Rb1 Rab8 26.Rb2 Rfc8 27.h3 Qd7 28.Qc4 Qd5 29.Qe2
c5 30.c4 Qc6 31.d5 Qxa4 32.f4 Qb4 33.f5 a4 34.f6 Qc3 35.Qg4 Qe3+ 36.Kh1 Qg5
37.Qe4 a3 38.Rf2 b2 39.e6 Qh5 40.Rdf1 a2 41.Rxb2 Rxb2 42.e7 Qe2 43.Qxe2 Rxe2
44.d6 Rd2 45.Re1 Rxd6 46.e8=Q+ Rxe8 47.Rxe8+ Kh7 48.Re1 Rb6 49.Ra1 Rb1+ {#R}
0-1

[Event "Stockholm Chess Challenge"]
[Site "Stockholm SWE"]
[Date "2017.03.07"]
[Round "3.2"]
[White "Stefansson,Vignir Vatnar"]
[Black "Tukhaev,A"]
[Result "0-1"]
[WhiteElo "2353"]
[BlackElo "2541"]

1.Nf3 Nf6 2.g3 g6 3.b4 Bg7 4.Bb2 O-O 5.Bg2 d6 6.O-O e5 7.d3 Nh5 8.e4 f5 9.exf5
Bxf5 10.Nfd2 Qc8 11.Nc3 Bh3 12.Nd5 Rf7 13.Ne4 Bxg2 14.Kxg2 Nc6 15.c4 Ne7
16.Ng5 Nxd5 17.cxd5 Re7 18.Ne6 Nf6 19.Nxg7 Kxg7 20.f4 Qg8 21.fxe5 Qxd5+ 22.Qf3
dxe5 23.Rae1 Rae8 24.Qxd5 Nxd5 25.Re4 Nf6 26.Re2 Nd7 27.Rc1 c6 28.Rf1 Kg8
29.Re4 Rf7 30.Rfe1 Ref8 31.R1e2 Rf3 32.Rd2 R3f5 33.Rde2 Rd8 34.Bxe5 Nxe5
35.Rxe5 Rxe5 36.Rxe5 Kf7 37.Ra5 a6 38.Ra3 Ke6 39.Kf3 Rd4 40.Rb3 b5 41.a3 a5
42.Ke3 Kd5 43.Rb2 axb4 44.axb4 h5 45.Rb1 Rg4 46.Rb2 h4 47.Kf3 Rd4 48.Ke3 h3
49.Rb1 Rg4 50.Rb2 Rg5 51.Rc2 Kd6 52.Kf4 Rd5 53.Ke3 Re5+ 54.Kd2 Rf5 55.Ke2 Rf8
56.Ra2 Kd5 57.Ra6 Rf6 58.Ra3 Kd4 59.Rb3 g5 60.Ra3 g4 61.Rb3 Rf7 62.Ra3 Rf8
63.Ra6 Rf6 64.Ra3 Rf8 65.Ra6 Re8+ 66.Kd2 Re3 67.Ra3 Rf3 68.Ke2 c5 69.bxc5 b4
70.Rb3 Kxc5 71.Rb1 Kb5 72.Rd1 b3 73.d4 Kc6 74.Rd2 Kd5 75.Rd3 Ke4 76.Rd1 Re3+
77.Kf2 Rd3 {#R} 0-1

[Event "Stockholm Chess Challenge"]
[Site "Stockholm SWE"]
[Date "2017.03.07"]
[Round "3.3"]
[White "Maiorov,N1"]
[Black "Risting,Eivind Olav"]
[Result "1-0"]
[WhiteElo "2518"]
[BlackElo "2283"]

1.d4 Nf6 2.c4 c5 3.d5 b5 4.cxb5 a6 5.bxa6 g6 6.Nc3 Bg7 7.g3 O-O 8.Bg2 d6 9.Nf3
Nbd7 10.O-O Nb6 11.Nh4 Bxa6 12.Qc2 Nfd7 13.Nf3 Nc4 14.Nd2 Qa5 15.Nxc4 Bxc4
16.Bd2 Ba6 17.Rfc1 Ra7 18.b3 Rc8 19.a3 Rb8 20.Qd1 Rab7 21.Rab1 Ra7 22.a4 Qd8
23.h3 Rab7 24.Na2 c4 25.b4 c3 26.Bxc3 Bc4 27.Bxg7 Bxa2 28.Ra1 Rxb4 29.Bc3 Bb3
30.Qd2 Rxa4 31.Rxa4 Bxa4 32.Qd4 {#r} 1-0

[Event "Stockholm Chess Challenge"]
[Site "Stockholm SWE"]
[Date "2017.03.07"]
[Round "3.4"]
[White "Bajarani,U"]
[Black "Westerberg,J"]
[Result "1-0"]
[WhiteElo "2466"]
[BlackElo "2475"]

1.d4 d5 2.c4 dxc4 3.e3 e5 4.Bxc4 exd4 5.Nf3 Bb4+ 6.Bd2 Bxd2+ 7.Qxd2 Nf6 8.Qxd4
Qxd4 9.Nxd4 a6 10.Be2 O-O 11.Nc3 Nbd7 12.O-O-O Nc5 13.f3 Re8 14.e4 Ne6 15.Bc4
Nxd4 16.Rxd4 Be6 17.Bxe6 Rxe6 18.Rhd1 g6 19.f4 c5 20.Rd8+ Rxd8 21.Rxd8+ Kg7
22.e5 Ng4 23.Ne4 Re7 24.h3 Ne3 25.g4 Nc4 26.Nf6 Nxe5 27.g5 {#r} 1-0

[Event "Stockholm Chess Challenge"]
[Site "Stockholm SWE"]
[Date "2017.03.07"]
[Round "3.5"]
[White "Tryggestad,Andreas Garberg"]
[Black "Haubro,M"]
[Result "0-1"]
[WhiteElo "2324"]
[BlackElo "2347"]

1.e4 e5 2.Nf3 Nc6 3.Bb5 a6 4.Bxc6 dxc6 5.O-O Bg4 6.h3 Bh5 7.d3 f6 8.Be3 Bd6
9.Nbd2 c5 10.Re1 Ne7 11.Nf1 Bf7 12.Ng3 Qd7 13.Nh4 Be6 14.Qh5+ g6 15.Qf3 O-O-O
16.a3 f5 17.exf5 gxf5 18.Bg5 Rdf8 19.Nh5 Nc6 20.c3 Rhg8 21.Bh6 Be7 22.Bxf8
Bxh4 23.Bg7 Bd5 24.Qe2 Rxg7 25.Nxg7 Qxg7 26.Qf1 f4 27.Kh2 Ne7 28.Qg1 Nf5 29.b4
f3 30.g3 Bg5 31.Rad1 h5 32.Qh1 h4 33.g4 Bf4+ 34.Kg1 Ng3 35.fxg3 hxg3 36.Re4
Bxe4 37.dxe4 Be3+ {#R} 0-1

[Event "Stockholm Chess Challenge"]
[Site "Stockholm SWE"]
[Date "2017.03.07"]
[Round "3.6"]
[White "Rakesh,Kumar Jena"]
[Black "Lindgren,P"]
[Result "0-1"]
[WhiteElo "2315"]
[BlackElo "2421"]

1.e4 c6 2.Nc3 d5 3.Nf3 Bg4 4.h3 Bxf3 5.Qxf3 e6 6.d3 Nd7 7.Bd2 g6 8.O-O-O Bg7
9.g4 Ne7 10.h4 h6 11.Qg3 Qb6 12.f4 O-O-O 13.Bh3 Kb8 14.f5+ Be5 15.Bf4 Bxf4+
16.Qxf4+ e5 17.Qg3 d4 18.Ne2 g5 19.hxg5 hxg5 20.Bg2 Rhf8 21.Rh7 Nc8 22.f6 c5
23.Rf1 Qe6 24.b3 Rg8 25.Rh6 Nd6 26.Qh3 Rc8 27.Ng3 c4 28.dxc4 Nxc4 29.Nf5 Na3
30.Rf2 Nxf6 31.Nxd4 exd4 32.Qg3+ Ka8 33.Rhxf6 Rxc2+ 34.Rxc2 Qxf6 35.Rc7 Qb6
36.Kb2 Nb5 37.Rc2 Qa5 38.Qd3 Nc3 39.a3 Qe5 40.Rf2 Rd8 41.Rxf7 Qh2 42.Qd2 Nd1+
43.Kb1 Ne3 {#R} 0-1

[Event "Stockholm Chess Challenge"]
[Site "Stockholm SWE"]
[Date "2017.03.07"]
[Round "3.7"]
[White "Pantzar,Milton"]
[Black "Hemant,S2"]
[Result "1-0"]
[WhiteElo "2257"]
[BlackElo "2399"]

1.d4 Nf6 2.c4 e6 3.Nc3 d5 4.cxd5 exd5 5.Bg5 Nbd7 6.e3 Be7 7.Bd3 O-O 8.Qc2 c6
9.Nge2 Re8 10.O-O Nf8 11.Bxf6 Bxf6 12.b4 g6 13.b5 Ne6 14.bxc6 bxc6 15.Na4 Bd7
16.Rab1 Qa5 17.Rb7 Bc8 18.Rbb1 Bd7 19.Rb7 Bc8 20.Rbb1 Bd7 {#r} 1-0

[Event "Stockholm Chess Challenge"]
[Site "Stockholm SWE"]
[Date "2017.03.07"]
[Round "3.9"]
[White "Kaasen,Tor Fredrik"]
[Black "Kenneskog,Theodor"]
[Result "1-0"]
[WhiteElo "2442"]
[BlackElo "2323"]

1.d4 Nf6 2.c4 g6 3.Nc3 d5 4.cxd5 Nxd5 5.e4 Nxc3 6.bxc3 Bg7 7.Qa4+ Nd7 8.Nf3
O-O 9.Be2 c5 10.O-O Qc7 11.Be3 b6 12.Rac1 e6 13.Rfd1 Bb7 14.d5 e5 15.Qb3 h6
16.Rb1 Kh7 17.Nd2 Rab8 18.a4 a6 19.Qc2 Bc8 20.Nc4 f5 21.exf5 gxf5 22.f3 Kh8
23.Bd3 e4 24.fxe4 fxe4 25.Bxe4 b5 26.axb5 axb5 27.Nd2 Qe5 28.c4 Nf6 29.Bxc5
Ng4 30.Nf3 Qh5 31.Bxf8 Bxf8 32.c5 Bg7 33.Bg6 Bd4+ 34.Rxd4 {#r} 1-0

[Event "Stockholm Chess Challenge"]
[Site "Stockholm SWE"]
[Date "2017.03.07"]
[Round "3.11"]
[White "Thorn,E"]
[Black "Sorensen,Hampus"]
[Result "1-0"]
[WhiteElo "2284"]
[BlackElo "2192"]

1.d4 d5 2.c4 c6 3.Nc3 Nf6 4.e3 e6 5.Nf3 Nbd7 6.Qc2 Bd6 7.Bd3 dxc4 8.Bxc4 b5
9.Bd3 Bb7 10.O-O O-O 11.a3 Qe7 12.Ng5 h6 13.Nge4 Nxe4 14.Nxe4 Nf6 15.Nxd6 Qxd6
16.Bd2 Rfe8 17.Be2 e5 18.dxe5 Qxe5 19.Bc3 Qg5 20.Bf3 Nd5 21.Bd4 a6 22.Rac1
Rac8 23.Qd1 Rcd8 24.Rc5 Qg6 25.Qc2 Qxc2 26.Rxc2 Rd7 27.Rd1 Ne7 28.Rc5 Rdd8
29.Rdc1 Rd7 30.h3 Rdd8 31.Kh2 Rd6 32.Re5 Rdd8 33.Bb6 Ra8 34.Ba5 Nd5 35.Rxe8+
Rxe8 36.Rd1 Nf6 37.Bc3 Nd5 38.Ba5 Nf6 39.Rd6 Re6 40.Rd8+ Re8 41.Rd2 Nd5 42.Rc2
Kf8 43.Bxd5 cxd5 44.Rc7 Bc8 45.Bb4+ Kg8 46.Bc3 Be6 47.Ra7 Bc8 48.Bd4 Rd8 49.g4
Rd7 50.Ra8 Rd8 51.Bc5 Re8 52.Kg3 Rd8 53.f4 Re8 54.f5 f6 55.Ra7 Kh8 56.Bd4 Kg8
57.h4 Kf8 58.g5 hxg5 59.hxg5 Bxf5 60.gxf6 gxf6 61.Rxa6 Re6 62.Ra7 Bc2 63.Rc7
Bd3 64.Rc3 Be4 65.Rb3 Ke8 66.Rxb5 Kd8 67.Rb7 Kc8 68.Rf7 f5 69.Kf2 Rg6 70.Ke2
Rg2+ 71.Kd1 Bf3+ 72.Kc1 Be4 73.a4 Rc2+ 74.Kd1 Rc4 75.a5 Ra4 76.Bc3 Kb8 77.Ke2
Ka8 78.Kf2 Ra1 79.Kg3 Ra4 80.b4 Ra3 81.Bd4 Rb3 82.a6 Rxb4 83.a7 Rxd4 84.exd4
Bh1 85.Kf4 Be4 86.Ke5 f4 87.Rxf4 Kxa7 88.Rxe4 dxe4 89.Kxe4 Kb7 90.Kd5 Kc7
91.Ke6 Kd8 92.Kd6 Ke8 93.Kc7 Ke7 94.d5 Ke8 95.d6 Kf7 96.d7 Ke6 97.d8=Q Ke5
98.Qd3 Ke6 99.Qd4 Kf5 100.Kd6 Kg6 101.Ke6 Kg5 102.Qe4 Kh5 103.Kf6 Kh6 104.Qg6#
1-0

[Event "Stockholm Chess Challenge"]
[Site "Stockholm SWE"]
[Date "2017.03.07"]
[Round "3.12"]
[White "Baasansuren,Erdene"]
[Black "Sahil,Tic"]
[Result "0-1"]
[WhiteElo "2221"]
[BlackElo "2180"]

1.d4 Nf6 2.c4 e6 3.g3 d5 4.Nf3 Bb4+ 5.Bd2 Bd6 6.Bg2 O-O 7.O-O c6 8.Qc2 Ne4
9.Nc3 Nxd2 10.Nxd2 Nd7 11.Rab1 f5 12.b4 Nf6 13.b5 f4 14.e4 fxe3 15.fxe3 Bd7
16.e4 dxe4 17.Ndxe4 Qe7 18.Rbe1 Nxe4 19.Bxe4 g6 20.bxc6 bxc6 21.c5 Bc7 22.Qa4
Qg5 23.Nd1 h5 24.Qb3 Ba5 25.Rxf8+ Rxf8 26.Rf1 Rxf1+ 27.Kxf1 Qf6+ 28.Nf2 Qxd4
29.Qb8+ Kf7 30.Qxa7 Bb4 31.Bxc6 Ke7 32.Bxd7 Bxc5 {#R} 0-1

[Event "FSGM March 2017"]
[Site "Budapest HUN"]
[Date "2017.03.07"]
[Round "4.1"]
[White "Chekletsov,Ilya"]
[Black "Kovalev,An"]
[Result "0-1"]
[WhiteElo "2391"]
[BlackElo "2504"]

1.d4 Nf6 2.c4 d6 3.Nc3 Nbd7 4.e4 e5 5.Nf3 g6 6.Be2 Bg7 7.Be3 O-O 8.O-O Qe7
9.d5 Ng4 10.Bg5 f6 11.Bh4 Nh6 12.Nd2 Nf7 13.b4 Bh6 14.Nb3 Bg5 15.Bxg5 Nxg5
16.f3 f5 17.Qd3 Nf6 18.Qd2 Nh5 19.Bd3 Nf4 20.Rae1 fxe4 21.Nxe4 Nxe4 22.Bxe4
Bd7 23.Nc1 a5 24.b5 Qg5 25.Kh1 Ne6 26.Qxg5 Nxg5 27.Nd3 Nxe4 28.fxe4 c6
29.Rxf8+ Kxf8 30.dxc6 bxc6 31.c5 cxb5 32.cxd6 Ra6 33.Rf1+ Kg8 34.Nxe5 Rxd6
35.h3 Be6 36.Rf2 b4 37.Rc2 a4 38.Rc7 a3 39.Rb7 b3 {#R} 0-1

[Event "FSGM March 2017"]
[Site "Budapest HUN"]
[Date "2017.03.07"]
[Round "4.3"]
[White "Czebe,A"]
[Black "Manolache,M"]
[Result "0-1"]
[WhiteElo "2490"]
[BlackElo "2496"]

1.b3 d6 2.Bb2 Nd7 3.g3 Ngf6 4.Bg2 e5 5.Nf3 c6 6.O-O Be7 7.d4 e4 8.Ng5 d5 9.f3
h6 10.Nh3 O-O 11.c4 Re8 12.Nc3 exf3 13.exf3 dxc4 14.bxc4 Nb6 15.c5 Nbd5 16.Qd2
Nxc3 17.Bxc3 Nd5 18.Nf2 Bf6 19.Bb2 Ne3 20.Rfe1 Nc4 21.Rxe8+ Qxe8 22.Qc3 Nxb2
23.Qxb2 Qe3 24.Rd1 Be6 25.Rd3 Qe1+ 26.Bf1 Rd8 27.Ne4 Bxd4+ {#R} 0-1

[Event "FSGM March 2017"]
[Site "Budapest HUN"]
[Date "2017.03.07"]
[Round "4.5"]
[White "Colpe,M"]
[Black "Petrov,N"]
[Result "0-1"]
[WhiteElo "2408"]
[BlackElo "2511"]

1.d4 d5 2.c4 c6 3.Nf3 Nf6 4.Nc3 dxc4 5.a4 Bf5 6.Ne5 Nbd7 7.Nxc4 Nb6 8.Ne5 a5
9.h4 h6 10.f3 Nfd7 11.e4 Bh7 12.Nd3 e6 13.Be3 Bd6 14.Ne2 O-O 15.Qb3 Qe7 16.Kf2
c5 17.Nxc5 Nxc5 18.Qxb6 Nd3+ 19.Kg1 f5 20.e5 Bc7 21.Qb3 f4 22.Bf2 b5 23.axb5
Bb6 24.Rd1 Nxf2 25.Kxf2 Rad8 26.Ke1 Kh8 27.h5 Rd5 28.Qc4 Rfd8 29.Rd2 Bf5 30.g4
fxg3 31.Bg2 Qd7 32.f4 Rc5 33.Qa4 Rxb5 34.Bf3 Rxb2 35.Bc6 Rb1+ {#R} 0-1

[Event "FSIM March 2017"]
[Site "Budapest HUN"]
[Date "2017.03.07"]
[Round "4.1"]
[White "Huguet,S"]
[Black "Bach,Mat"]
[Result "0-1"]
[WhiteElo "2068"]
[BlackElo "2211"]

1.e4 e5 2.Nf3 Nc6 3.d4 exd4 4.Nxd4 Nf6 5.Nxc6 bxc6 6.e5 Qe7 7.Qe2 Nd5 8.c4 Nb6
9.f4 a5 10.b3 a4 11.Ba3 Qe6 12.Bxf8 Kxf8 13.Qb2 Qf5 14.Qd4 g5 15.Bd3 Qxf4
16.Qxf4 gxf4 17.Na3 Ra5 18.O-O Rxe5 19.Rxf4 d6 20.Raf1 Be6 21.Nc2 c5 22.Ne1
Ke7 23.Be4 Rg5 24.Nf3 Rg4 25.Rxg4 Bxg4 26.Ng5 f6 27.Nf3 axb3 28.axb3 Bxf3
29.Bxf3 Nd7 30.Ra1 Rb8 31.Bd1 Ne5 32.Bc2 h6 33.h3 Nc6 34.Kf2 Nd4 35.Bd1 Rb4
36.Ra7 Kd7 37.Ra8 Nxb3 38.Bxb3 Rxb3 39.Rh8 Rb4 40.Rxh6 Ke6 41.Rh4 c6 42.Ke3 d5
43.cxd5+ cxd5 44.Rh8 d4+ 45.Kf4 Rb2 46.g4 d3 47.Rd8 c4 48.h4 d2 49.h5 c3 50.h6
Rb1 51.h7 Rh1 {#R} 0-1

[Event "FSIM March 2017"]
[Site "Budapest HUN"]
[Date "2017.03.07"]
[Round "4.3"]
[White "Karn,T"]
[Black "Sredojevic,I"]
[Result "0-1"]
[WhiteElo "2131"]
[BlackElo "2367"]

1.e4 c5 2.d4 cxd4 3.c3 d3 4.Bxd3 d6 5.c4 Nc6 6.Nc3 Nf6 7.h3 g6 8.Nf3 Bg7 9.O-O
O-O 10.Be3 Bd7 11.Qe2 Qa5 12.Rfd1 Rfc8 13.Qd2 Be6 14.a3 Nd7 15.b4 Qd8 16.Rac1
Nce5 17.Nxe5 Nxe5 18.Nd5 Bxh3 19.Be2 Bd7 20.c5 Ba4 21.Re1 dxc5 22.Bxc5 e6
23.Ne7+ Kh8 24.Qe3 Rc7 25.f4 Rxc5 26.Qxc5 Nf3+ 27.Kh1 Nxe1 28.Rxe1 b6 29.Qg5
h6 30.Nxg6+ fxg6 31.Qxd8+ Rxd8 32.Rc1 Bb2 33.Rc7 Rd7 34.Rc8+ Kg7 35.Bc4 Re7
36.g4 Bxa3 37.b5 Bc2 38.e5 Bc1 {#R} 0-1

[Event "FSIM March 2017"]
[Site "Budapest HUN"]
[Date "2017.03.07"]
[Round "4.5"]
[White "Chekletsov,Egor"]
[Black "Dencsi,T"]
[Result "0-1"]
[WhiteElo "2106"]
[BlackElo "2314"]

1.d4 Nf6 2.c4 e6 3.Nf3 Bb4+ 4.Bd2 c5 5.a3 Bxd2+ 6.Qxd2 cxd4 7.Nxd4 O-O 8.Nc3
d5 9.cxd5 Nxd5 10.e3 Nxc3 11.Qxc3 Bd7 12.Be2 Nc6 13.O-O Nxd4 14.Qxd4 Bc6
15.Qxd8 Rfxd8 16.Bf3 Rac8 17.Rac1 Bxf3 18.gxf3 Kf8 19.Rxc8 Rxc8 20.Rd1 Rc2
21.b4 Ke7 22.Rd3 g5 23.e4 b6 24.Kg2 Ra2 25.Kg3 a5 26.bxa5 bxa5 27.h3 Kf6
28.Rc3 Kg6 29.Rb3 h5 30.f4 gxf4+ 31.Kxf4 Rxf2+ 32.Kg3 Re2 33.Kf3 Ra2 34.Kf4
Kf6 35.e5+ Kg6 36.Rg3+ Kh6 37.Ke4 Re2+ 38.Kd4 h4 39.Rf3 Kg6 40.Rf4 Ra2 41.Rxh4
Rxa3 42.Rg4+ Kh6 43.Rh4+ Kg7 44.Kc5 Rd3 45.Rg4+ Kf8 46.Re4 Rxh3 47.Kb5 Ra3
48.Rg4 Ra1 49.Rh4 Kg7 50.Rg4+ Kh6 51.Rf4 Kg6 52.Rf6+ Kg7 53.Rf4 Re1 {#R} 0-1

[Event "49th Belgrade WGM 2017"]
[Site "Belgrade SRB"]
[Date "2017.03.07"]
[Round "5.1"]
[White "Tomilova,E"]
[Black "Djukic,Sa"]
[Result "1-0"]
[WhiteElo "2292"]
[BlackElo "2182"]

1.c4 e5 2.g3 Nc6 3.Bg2 Bc5 4.Nc3 a6 5.e3 d6 6.Nge2 Ba7 7.b3 Bf5 8.a3 Qd7 9.Nd5
Nge7 10.Bb2 Nxd5 11.cxd5 Ne7 12.d4 exd4 13.Nxd4 Bh3 14.O-O Bxg2 15.Kxg2 h5
16.h3 h4 17.g4 O-O-O 18.Rc1 Kb8 19.e4 g5 20.Nf3 Rhg8 21.Bf6 Rde8 22.Nxg5 Rg6
23.Bxe7 Rxe7 24.Qd2 Qb5 25.b4 Bb6 26.Rfe1 a5 27.Nf3 Qa4 28.Nxh4 Rg8 29.Nf5 Re5
30.Qc3 axb4 31.axb4 Qb5 32.Ra1 Rge8 33.f3 Ba7 34.Ra2 Bb6 35.Rea1 Kc8 36.Nxd6+
{#r} 1-0

[Event "49th Belgrade WGM 2017"]
[Site "Belgrade SRB"]
[Date "2017.03.07"]
[Round "5.3"]
[White "Dragomirescu,An"]
[Black "Dimitrijevic,A"]
[Result "1-0"]
[WhiteElo "2210"]
[BlackElo "2262"]

1.d4 d6 2.Nf3 Nf6 3.c4 Bf5 4.Nc3 h6 5.g3 c6 6.Bg2 Nbd7 7.O-O e5 8.Nh4 Bh7 9.e4
g5 10.Nf5 Bxf5 11.exf5 Qc7 12.Re1 Be7 13.Be3 a6 14.Rc1 Rg8 15.b4 Rd8 16.b5
axb5 17.cxb5 c5 18.dxc5 dxc5 19.b6 Qxb6 20.Nd5 Qa7 21.Qb3 b6 22.Rcd1 Kf8
23.Bc1 Bd6 24.Nc3 Bb8 25.Nb5 Qa6 26.Nd6 Bxd6 27.Rxd6 Ke7 28.Red1 Qe2 29.Bf3
Qa6 30.Bb2 e4 31.Re6+ fxe6 32.Qxe6+ Kf8 33.Bxf6 {#r} 1-0

[Event "49th Belgrade WGM 2017"]
[Site "Belgrade SRB"]
[Date "2017.03.07"]
[Round "5.4"]
[White "Chelushkina,I"]
[Black "Nestorovic,Katarina"]
[Result "1-0"]
[WhiteElo "2236"]
[BlackElo "2134"]

1.g3 Nf6 2.Bg2 e6 3.Nf3 d5 4.O-O Be7 5.c4 O-O 6.d4 c6 7.Qb3 b6 8.cxd5 exd5
9.Nc3 Be6 10.Qa4 Qc7 11.Ne5 Nfd7 12.Nd3 b5 13.Qc2 Qb6 14.e4 dxe4 15.Nxe4 Qxd4
16.Be3 Qc4 17.Qd2 b4 18.Rfc1 Qb5 19.Nec5 Bc4 20.b3 Bxd3 21.Qxd3 Qxd3 22.Nxd3
Bf6 23.Rab1 a5 24.Rd1 Rc8 25.Rbc1 Bc3 26.Bh3 g6 27.Nc5 Nxc5 28.Bxc8 Nba6
29.Rd8+ Kg7 30.Bxa6 Rxd8 31.Bxc5 Rd2 32.Bc4 Rxa2 33.Rd1 a4 34.bxa4 Rxa4 35.Rd7
Ra5 36.Rxf7+ {#r} 1-0

[Event "49th Belgrade WGM 2017"]
[Site "Belgrade SRB"]
[Date "2017.03.07"]
[Round "5.5"]
[White "Blagojevic,Tijana"]
[Black "Benderac,A"]
[Result "1-0"]
[WhiteElo "2259"]
[BlackElo "2206"]

1.e4 e6 2.d4 d5 3.Nd2 c5 4.exd5 Qxd5 5.dxc5 Bxc5 6.Ngf3 Nf6 7.Bc4 Qc6 8.O-O
Nbd7 9.Qe2 O-O 10.Nb3 b6 11.Nxc5 Qxc5 12.Be3 Qc7 13.Bd4 Bb7 14.Ne5 Rac8
15.Nxd7 Qxd7 16.Bxf6 gxf6 17.Bd3 Qd5 18.Qg4+ Kh8 19.f3 f5 20.Qf4 Rg8 21.Rae1
Rg7 22.Qe5 Qxe5 23.Rxe5 f4 24.Kf2 Bd5 25.b3 f6 26.Rh5 e5 27.Rh6 Rc6 28.Rd1
Rgc7 29.c4 Bg8 30.Be4 Kg7 31.Rh4 Rc5 32.Rg4+ Kf7 33.Rd8 {#r} 1-0

[Event "PEP 2017"]
[Site "Belgrade SRB"]
[Date "2017.03.07"]
[Round "8"]
[White "Kovacevic,A"]
[Black "Djordjevic,Vu"]
[Result "0-1"]
[WhiteElo "2534"]
[BlackElo "2421"]

1.c4 e5 2.Nc3 Nc6 3.Nf3 g6 4.e3 f5 5.h4 e4 6.Nd4 Bg7 7.d3 exd3 8.Bxd3 Nf6 9.h5
Qe7 10.Ndb5 d6 11.h6 Bf8 12.Qa4 Be6 13.Be2 Qd7 14.Bf3 Kf7 15.Nd5 Bxd5 16.Bxd5+
Nxd5 17.cxd5 Ne5 18.Qb3 Be7 19.Bd2 Bf6 20.Rc1 Rhc8 21.f3 Ke7 22.O-O c5 23.dxc6
bxc6 24.Nxd6 Qxd6 25.Bb4 c5 26.Bxc5 Rxc5 27.Qb7+ Nd7 {#R} 0-1

[Event "PEP 2017"]
[Site "Belgrade SRB"]
[Date "2017.03.07"]
[Round "8"]
[White "Roganovic,Milo"]
[Black "Ratkovic,Milov"]
[Result "1-0"]
[WhiteElo "2481"]
[BlackElo "2389"]

1.e4 c6 2.d4 d5 3.e5 Bf5 4.Nf3 e6 5.Be2 Nd7 6.O-O Bg6 7.a4 Ne7 8.a5 Nf5 9.a6
b5 10.b3 Be7 11.g4 Nh6 12.Ne1 f5 13.Bxh6 gxh6 14.Ng2 Rg8 15.c4 bxc4 16.bxc4
Kf7 17.c5 Nf8 18.Na3 Kg7 19.gxf5 Bxf5 20.Bd3 Kh8 21.Bxf5 exf5 22.Nc2 Ne6 23.f4
Rb8 24.Kh1 Rb2 25.Nge3 Bxc5 26.Nxf5 Bf8 27.Rb1 Rxb1 28.Qxb1 Qa5 29.Nfe3 Qxa6
30.Qd1 c5 31.dxc5 d4 32.Ng2 d3 33.Nce1 Nxc5 34.Qd2 Qc6 35.f5 Qe4 36.e6 Bd6
37.Qc3+ Qe5 38.Qxe5+ Bxe5 39.Nf3 Bf6 40.Nf4 Rd8 41.Nh5 Ne4 42.Re1 d2 43.Nxd2
Nf2+ 44.Kg2 Rxd2 45.Kf3 Nd3 46.Re2 Rxe2 47.Kxe2 Nc1+ 48.Kd1 Bg5 49.f6 Kg8
50.e7 Kf7 51.Ng7 Kxf6 52.e8=Q Kxg7 53.h4 Bf4 54.Qe4 {#r} 1-0